[Event "Offene Bochumer Stadtmeisterschaft 2014"]
[Site "Bochum"]
[Date "2014.03.20"]
[Round "1.1"]
[White "Quast, Marcel"]
[Black "Schmidt, Ralph"]
[Result "1-0"]
[WhiteElo "2137"]
[BlackElo "1876"]
[Annotator "Fritz 11 (25m)"]
[PlyCount "49"]
[EventDate "2014.??.??"]
[WhiteTeam "SC Gerthe 46 - Werne"]
[BlackTeam "SV Bochum-Linden-Dahlh"]

{C41: Philidor Defence} 1. e4 e5 2. Nf3 d6 3. d4 exd4 4. Nxd4 Be7 5. Nc3 Nf6 6.
Qf3 Nbd7 7. Be2 {last book move} Nc5 8. Nf5 (8. h3 O-O $14) 8... Bxf5 $14 9.
exf5 (9. Qxf5 Qd7 10. Qxd7+ Nfxd7 $14) 9... c6 (9... d5 10. Be3 $11) 10. Bf4 (
10. b4 Ncd7 $11) 10... Qb6 11. Rb1 Qc7 (11... d5 $5 12. O-O O-O $11) 12. b4
Ncd7 13. g4 (13. O-O $5 $16) 13... Ne5 $14 14. Qg2 d5 15. O-O Bd6 16. Rfe1
O-O-O 17. b5 c5 $4 (17... Rhe8 $142 18. g5 Ne4 19. Nxe4 dxe4 20. Qxe4 Nd3 21.
Bxd6 Rxe4 22. Bxc7 Nxe1 23. Bxd8 Rxe2 $14) 18. b6 $18 axb6 19. Nb5 (19. g5 $142
$5 d4 20. Nb5 $18) 19... Qd7 20. Nxd6+ Qxd6 21. Bb5 Rhe8 (21... Nfxg4 $2 22. h3
$18) 22. Bxe8 Rxe8 23. Qg3 Nfd7 (23... Nfxg4 $4 24. Qxg4 $1 f6 25. Bxe5 fxe5
26. Qxg7 $18) 24. Bxe5 Nxe5 $4 (24... Rxe5 $142 25. a4 Kc7 $16) 25. f4 $18 1-0

[Event "Offene Bochumer Stadtmeisterschaft 2014"]
[Site "Bochum"]
[Date "2014.03.20"]
[Round "1.2"]
[White "Funke, Eckhard"]
[Black "Kiese, Matthias"]
[Result "1/2-1/2"]
[WhiteElo "1834"]
[BlackElo "2121"]
[Annotator "Fritz 11 (41m)"]
[PlyCount "80"]
[EventDate "2014.??.??"]
[WhiteTeam "SG Höntrop 1947"]
[BlackTeam "Bochumer SV 02"]

{D36: Queen's Gambit Declined: Exchange Variation: Main line (5 Bg5 c6 6 Qc2)} 
1. d4 d5 2. c4 e6 3. cxd5 exd5 4. Nc3 Nf6 5. Bg5 Be7 6. Qc2 c6 7. e3 Nbd7 8.
Bd3 O-O 9. Nf3 Re8 10. O-O Nf8 11. Rab1 Ng6 {last book move} 12. a3 (12. b4 Ne4
13. Bxe7 Qxe7 $14) 12... Bd6 13. e4 (13. Rbe1 Bg4 14. Nh4 Bd7 $14) 13... dxe4
$11 14. Nxe4 Be7 (14... Bg4 15. Bxf6 gxf6 16. Ned2 $11) 15. Nxf6+ Bxf6 16. Bxf6
Qxf6 17. Ne5 Nxe5 18. dxe5 Rxe5 19. Rbe1 (19. Bxh7+ $5 Kf8 20. Be4 $11) 19...
h6 20. Qc3 Rxe1 21. Rxe1 Be6 22. Qxf6 gxf6 23. f4 f5 24. Kf2 Rd8 25. Ke3 c5 26.
Rc1 b6 27. b4 Rc8 28. bxc5 bxc5 (28... Rxc5 29. Rc2 $17) 29. Bc4 Bxc4 (29...
Kg7 30. Bxe6 fxe6 31. Rb1 $15) 30. Rxc4 $11 Rb8 31. Rxc5 Rb3+ 32. Kf2 Rxa3 33.
Rxf5 Kg7 34. g3 Ra2+ 35. Kf3 a5 36. Kg4 a4 37. Ra5 a3 38. h4 Ra1 39. Kf5 Ra2
40. Ra8 Ra1 1/2-1/2

[Event "Offene Bochumer Stadtmeisterschaft 2014"]
[Site "Bochum"]
[Date "2014.03.20"]
[Round "1.3"]
[White "Jellinghaus, Lars"]
[Black "Boost, Jürgen"]
[Result "1-0"]
[WhiteElo "2060"]
[BlackElo "1819"]
[Annotator "Fritz 11 (61m)"]
[PlyCount "121"]
[EventDate "2014.??.??"]
[WhiteTeam "SV Bochum-Linden-Dahlh"]
[BlackTeam "SC Gerthe 46 - Werne"]

{D35: Queen's Gambit Declined: Exchange Variation} 1. d4 d5 2. c4 e6 3. Nc3 Nf6
4. cxd5 exd5 5. Bg5 Be7 6. e3 O-O 7. Bd3 h6 8. Bh4 Be6 {last book move} 9. Nf3
c5 10. dxc5 Nc6 11. O-O Bxc5 12. Rc1 Be7 13. Nb5 Rc8 14. Nbd4 Qd7 (14... Ne4
15. Bxe7 Qxe7 16. Qa4 $14) 15. Qa4 (15. Bb5 Bd6 16. Bxf6 gxf6 $16) 15... Nb4 (
15... Nxd4 $5 16. Qxd4 Rxc1 17. Rxc1 Rc8 18. Rxc8+ Qxc8 19. Qxa7 Qc1+ 20. Bf1
Qxb2 21. Qb8+ Bf8 22. Bxf6 gxf6 $14) 16. Bb5 $16 Qd6 17. Rxc8 (17. Qxa7 $6 Ra8
18. Qxb7 Rfb8 $14) 17... Rxc8 18. Qxa7 Qb8 (18... Qc7 $5 $16) 19. Qxb8 $18 Rxb8
20. a3 Na6 21. Bxa6 bxa6 22. Nc6 Rb7 23. Nxe7+ Rxe7 24. Bxf6 gxf6 25. Rc1 Rb7
26. b4 a5 27. Rb1 (27. bxa5 Rb5 $18) 27... Bf5 28. Rb2 axb4 29. axb4 Rc7 (29...
Bd3 30. Nd4 $18) 30. h4 Kf8 31. Nd4 Be6 (31... Bd3 32. Rd2 Bc4 33. Nf5 $18) 32.
Kh2 Ke7 33. Kg3 Rb7 34. Kf4 {White prepares b5} Kd6 (34... Rb6 35. b5 $18) 35.
Nf5+ Bxf5 36. Kxf5 Ke7 37. b5 Rb6 38. h5 Kd7 39. g4 Ke7 40. Rb4 Kd6 41. Rb1 Ke7
42. Rb2 Kf8 43. e4 (43. f4 $142 $18) 43... d4 $2 (43... dxe4 44. Kxe4 Ke7 45.
Kd5 $18) 44. Rd2 (44. Kf4 $142 $18) 44... Kg7 45. Rb2 Kf8 46. Kf4 Ke7 47. Kf3
Kd6 48. Ke2 Ke5 (48... Kc7 49. Rc2+ Kd7 50. Rc5 $18) 49. Kd3 Kf4 (49... Ke6 50.
Kxd4 Rb7 51. b6 $18) 50. Kxd4 Kxg4 51. Kc5 Rb8 52. Rb3 Kxh5 53. Rg3 (53. Kc6 $5
Kg4 $18) 53... Rc8+ 54. Kd6 Rc4 55. f3 (55. Rb3 Rd4+ 56. Kc6 Rxe4 $18) 55...
Rb4 56. Kc6 Rb3 57. b6 f5 (57... Rc3+ 58. Kd6 Rb3 $18) 58. exf5 Kh4 (58... Rc3+
59. Kd7 Rc1 $18) 59. Rg4+ Kh3 60. b7 Rxf3 (60... h5 61. Rg8 f6 $18) 61. Rb4 1-0

[Event "Offene Bochumer Stadtmeisterschaft 2014"]
[Site "Bochum"]
[Date "2014.03.20"]
[Round "1.4"]
[White "Domnik, Roland"]
[Black "Hahn, Matthias"]
[Result "1/2-1/2"]
[WhiteElo "1678"]
[BlackElo "2060"]
[Annotator "Fritz 11 (53m)"]
[PlyCount "106"]
[EventDate "2014.??.??"]
[WhiteTeam "SV Eichlinghofen 1935"]
[BlackTeam "SV Bochum-Linden-Dahlh"]

{E11: Bogo-Indian} 1. d4 Nf6 2. c4 e6 3. Nc3 Bb4 4. Bd2 O-O 5. Nf3 d6 6. e3 Qe7
7. Be2 b6 8. O-O Bb7 {last book move} 9. Nb5 Bxd2 10. Nxd2 e5 11. dxe5 dxe5 12.
Qc2 a5 13. Rac1 (13. c5 bxc5 14. Rfd1 Rd8 $11) 13... Na6 $15 14. a3 Nc5 15. Nc3
Rad8 (15... a4 16. Nf3 $15) 16. Rcd1 Rd7 17. Nf3 Rfd8 18. Rxd7 Rxd7 19. Rd1
Rxd1+ 20. Qxd1 g6 21. Nd2 Be4 $4 (21... Kg7 22. Qc2 $15) 22. Nf1 $4 (22. b4
$142 axb4 23. axb4 Bxg2 24. bxc5 $18) 22... Bc6 23. Nd2 Kg7 24. Qc2 Qd6 (24...
a4 25. h3 $15) 25. h3 h6 26. Nf1 (26. b4 axb4 27. axb4 Ne6 $11) 26... Kf8 27.
Ng3 Ke7 (27... a4 28. Nb5 Qe7 29. Nf1 $15) 28. f3 Kf8 29. Na2 (29. b4 axb4 30.
axb4 Ncd7 $15) 29... Ne6 30. Bd3 Kg7 31. Nc3 Qc5 32. Kf2 h5 33. Nge4 Bxe4 34.
Bxe4 (34. Nxe4 $142 $5 Nxe4+ 35. Bxe4 $11) 34... Qxc4 $17 35. Qb1 (35. Bd3 Qc5
$17) 35... Qc5 36. Bd3 Nd5 37. Nxd5 Qxd5 38. b3 $2 (38. b4 $142 $17) 38... Nc5
$19 39. Bc4 Qd2+ 40. Kf1 (40. Be2 h4 $19) 40... Qxe3 41. Qc2 Qd4 (41... e4 $142
$5 42. Qe2 Qc1+ 43. Qe1 Qxa3 44. fxe4 $19) 42. b4 axb4 43. axb4 Nb7 $4 (43...
Nd7 $142 $19) 44. Bxf7 $17 Qd6 (44... Kxf7 45. Qxc7+ Kf6 46. Qxb7 Qc4+ 47. Kf2
Qxb4 48. Qb8 Qd2+ 49. Kg1 Qd4+ 50. Kh1 $17) 45. Ba2 (45. Bxg6 Qxg6 46. Qxc7+
Qf7 47. Qxe5+ Kg6 48. Qe4+ Kf6 49. Qd4+ Kf5 50. Qe4+ Kf6 51. Qd4+ Kf5 52. Qe4+
Kf6 $11) 45... Qe7 (45... c5 $5 46. Qb3 cxb4 $15) 46. Qc4 Kh6 47. Qc1+ Kh7 48.
Qc4 Qg7 49. Bb1 Nd6 50. Qh4 Qh6 51. Qe7+ Qg7 52. Qh4 Qh6 53. Qe7+ Qg7 1/2-1/2

[Event "Offene Bochumer Stadtmeisterschaft 2014"]
[Site "Bochum"]
[Date "2014.03.20"]
[Round "1.5"]
[White "Kean, Christopher"]
[Black "Kempken, Reinhold"]
[Result "1-0"]
[WhiteElo "1976"]
[BlackElo "1600"]
[Annotator "Fritz 11 (23m)"]
[PlyCount "43"]
[EventDate "2014.??.??"]
[WhiteTeam "SK Bebenhausen 1992"]
[BlackTeam "Vereinslos"]

{D02: 1 d4 d5 2 Nf3 sidelines, including 2...Nf6 3 g3 and 2...Nf6 3 Bf4} 1. Nf3
d5 2. g3 c5 3. Bg2 Nc6 4. d4 cxd4 5. Nxd4 e5 6. Nxc6 bxc6 {last book move} 7.
O-O Ba6 8. b3 Bc5 9. Bb2 Qc7 (9... Nf6 10. Bxe5 O-O 11. c4 $11) 10. Nc3 (10. c4
$5 d4 11. b4 $16) 10... Rd8 11. Na4 Bd6 12. c4 dxc4 13. Qc2 Ne7 (13... Nf6 $5
$11) 14. bxc4 $16 c5 (14... Qc8 $5 $16) 15. Nxc5 $1 $18 Bxc5 (15... Qxc5 16.
Qa4+ {Double attack} (16. Qa4+ {Decoy})) (15... Bxc5 16. Qa4+ {Double attack} (
16. Qa4+ {Decoy})) 16. Qa4+ Rd7 17. Qxa6 Rd2 $4 (17... f6 $142 $18) 18. Qb5+
Kf8 19. Rad1 Rxd1 (19... a6 20. Bxe5 Qxe5 21. Rxd2 $18) 20. Rxd1 f6 (20... Ng6
21. Rd5 Be7 $18) 21. Rd7 Qc8 (21... a6 22. Rxc7 axb5 23. Rxc5 $18) 22. Bb7 (22.
Bb7 a6 23. Bxc8 axb5 24. Rd8+ Kf7 25. Rxh8 $18) 1-0

[Event "Offene Bochumer Stadtmeisterschaft 2014"]
[Site "Bochum"]
[Date "2014.03.20"]
[Round "1.6"]
[White "Kümmel, Hans-Jürgen"]
[Black "Wolff, Christoph"]
[Result "0-1"]
[WhiteElo "1314"]
[BlackElo "1915"]
[Annotator "Fritz 11 (75m)"]
[PlyCount "148"]
[EventDate "2014.??.??"]
[WhiteTeam "SG Höntrop 1947"]
[BlackTeam "SC Buer-Hassel 1919 e.V."]

{D78: Fianchetto Grünfeld: 6 0-0 c6} 1. Nf3 Nf6 2. d4 g6 3. c4 Bg7 4. g3 O-O 5.
Bg2 c6 6. O-O d5 7. b3 Ne4 8. Bb2 {last book move} Qb6 9. Nbd2 Bf5 10. Nxe4
Bxe4 11. Qd2 Rd8 12. Rac1 dxc4 13. bxc4 (13. Rxc4 $5 Bd5 14. Ra4 $11) 13... c5
$15 14. Ba3 Na6 (14... Bxd4 15. Qf4 Bxf3 16. Qxf3 $15) 15. Qf4 (15. Qe3 f5 16.
dxc5 Qc6 $11) 15... Bxf3 16. dxc5 Qa5 17. Qxf3 Nxc5 18. Bxc5 Qxc5 19. Qxb7 Rab8
20. Qe4 Rd4 {Attacks the isolani on c4} 21. Qc6 Qxc6 (21... Rc8 22. Qb7 $11)
22. Bxc6 Rb2 (22... Rc8 23. e3 Rd2 24. Bf3 $14) 23. e3 Rd6 (23... Rdd2 24. a4
$14) 24. Bf3 Rxa2 25. c5 Rd8 26. c6 Be5 27. Rfd1 (27. Rc5 Bd6 28. Rb5 Kg7 $14)
27... Rxd1+ $14 28. Rxd1 Bd6 29. Rb1 (29. Rc1 Bc7 $14) 29... a5 $11 30. Bd5 Rc2
31. Rb5 (31. Ra1 Rc5 32. Bf3 f5 $11) 31... a4 $15 32. Be4 Rc1+ 33. Kg2 a3 34.
Bd5 $2 (34. Ra5 $142 $15) 34... e6 $19 35. Bb3 Rxc6 36. Ba2 $2 (36. Ra5 $142
$19) 36... Rc2 37. Bb1 a2 38. Bxa2 Rxa2 39. h4 (39. g4 Kg7 $19) 39... h5 40.
Kf3 Kg7 41. Rb6 Be7 42. Rb7 Kf6 43. Rb6 Bd8 44. Rb1 Ba5 45. Rc1 e5 46. Rc6+ Ke7
(46... Kg7 47. Ra6 $19) 47. Rc1 (47. Ra6 f5 $19) 47... f5 48. Rb1 e4+ 49. Kg2
Rc2 50. Rb7+ Kf6 51. Rb1 Bd2 52. Rb6+ Kg7 53. Kf1 Bc3 54. Rc6 Rc1+ 55. Kg2 Bb2
56. Rb6 Be5 57. Rb7+ Bc7 58. Ra7 Rc2 59. Ra6 Rb2 (59... Be5 $142 $19) 60. Ra7
$11 Rc2 61. Kf1 $4 (61. Ra6 Be5 62. Ra7+ Kf6 63. Ra6+ Kf7 64. Ra5 $19) 61...
Rc6 62. Rb7 Kf6 63. Rb5 g5 64. hxg5+ Kxg5 65. Kg2 (65. Rb2 Rc3 66. Ke2 Rc1 $19)
65... Kg4 (65... Rc2 $5 66. Rd5 $19) 66. Rd5 Bd6 (66... Bxg3 67. fxg3 Rc2+ 68.
Kf1 Kxg3 69. Rxf5 $19) 67. Rd2 Be5 68. Rd8 Rg6 69. Rd5 Bd6 70. Kf1 (70. Rd4 Kg5
$19) 70... Bc7 (70... Bxg3 71. fxg3 Ra6 72. Ke2 $19) 71. Rc5 (71. Kg2 h4 72.
gxh4 f4 $19) 71... Bb6 (71... Bxg3 $142 72. fxg3 Rb6 $19) 72. Rc3 (72. Rb5 $19)
72... Kf3 73. Rb3 Rc6 74. Rb1 (74. Ke1 Ba5+ 75. Kd1 Rc5 $19) 74... Rc2 (74...
Rc2 75. Ke1 Ba5+ 76. Kd1 Rd2+ 77. Kc1 Rxf2 $19) 0-1

[Event "Offene Bochumer Stadtmeisterschaft 2014"]
[Site "Bochum"]
[Date "2014.03.16"]
[Round "1.7"]
[White "Rath, Michael"]
[Black "Buthmann, Ralf"]
[Result "1/2-1/2"]
[WhiteElo "1743"]
[BlackElo "1781"]
[Annotator "Fritz 11 (21m)"]
[PlyCount "41"]
[EventDate "2014.??.??"]

{D37: Queen's Gambit Declined: 5 Bf4} 1. d4 d5 2. Nf3 Nf6 3. c4 e6 4. Nc3 Be7
5. e3 O-O {last book move} 6. Bd2 c6 (6... c5 7. dxc5 Bxc5 8. Bd3 $11) 7. Be2
dxc4 8. Bxc4 Nbd7 9. O-O Qc7 10. Rc1 e5 11. dxe5 (11. Bd3 $142 $5 $16) 11...
Nxe5 $15 12. Nxe5 Qxe5 13. f4 Qc7 14. Qf3 (14. Qb3 g6 $15) 14... Rd8 $15 15.
Nb1 (15. Be1 Bg4 16. Qg3 Bc5 $15) 15... Bf5 (15... Bg4 $5 16. Qg3 h5 $17) 16.
Bc3 $15 Be4 (16... Qb6 17. Nd2 $15) 17. Be5 Bxf3 (17... Qb6 18. Qe2 $15) 18.
Bxc7 $11 Rd7 19. Be5 (19. gxf3 Rxc7 20. Kf2 Rd8 $11) 19... Bd5 $15 20. Bxd5 (
20. Bd4 Bxc4 21. Rxc4 Nd5 $15) 20... Rxd5 (20... Nxd5 21. Bd4 $17) 21. Rfd1
1/2-1/2